Knowing nothing, staying stupid : elements for a psychoanalytic epistemology / (Record no. 9325)
[ view plain ]
| 000 -LEADER | |
|---|---|
| fixed length control field | 01990cac a22002771u 4500 |
| 090 ## - LOCALLY ASSIGNED LC-TYPE CALL NUMBER (OCLC); LOCAL CALL NUMBER (OCLC) | |
| -- | 9325 |
| 008 - FIXED-LENGTH DATA ELEMENTS--GENERAL INFORMATION | |
| fixed length control field | 081104t2005 xxu||||| |||| 00| 0 eng d |
| 010 ## - LIBRARY OF CONGRESS CONTROL NUMBER | |
| LC control number | 2005002571 |
| 020 ## - INTERNATIONAL STANDARD BOOK NUMBER | |
| International Standard Book Number | 1583918671 (hbk) |
| 020 ## - INTERNATIONAL STANDARD BOOK NUMBER | |
| International Standard Book Number | 158391868X (pbk.) |
| 082 00 - DEWEY DECIMAL CLASSIFICATION NUMBER | |
| Classification number | 150.195 |
| Item number | NOB |
| 100 ## - MAIN ENTRY--PERSONAL NAME | |
| Personal name | Nobus, Dany |
| 245 10 - TITLE STATEMENT | |
| Title | Knowing nothing, staying stupid : elements for a psychoanalytic epistemology / |
| Statement of responsibility, etc | Dany Nobus and Malcolm Quinn. |
| 260 ## - PUBLICATION, DISTRIBUTION, ETC. (IMPRINT) | |
| Place of publication, distribution, etc | London ; |
| -- | New York : |
| Name of publisher, distributor, etc | Routledge, |
| Date of publication, distribution, etc | 2005. |
| 300 ## - PHYSICAL DESCRIPTION | |
| Extent | vi, 251p. : |
| Dimensions | 20 cm. |
| 500 ## - GENERAL NOTE | |
| General note | Distributer: Al-Ahram |
| 504 ## - BIBLIOGRAPHY, ETC. NOTE | |
| Bibliography, etc | Includes bibliographical references and index. |
| 505 0# - FORMATTED CONTENTS NOTE | |
| Formatted contents note | Part I: The subject of psychoanalysis : knowledge, truth and meaning -- Midwifes of the whys and wherefores : on the logic of psychoanalytic discovery -- A matter of cause : knowledge and truth in the practice of psychoanalysis -- The punning of reason : meaning, nonsense, and the limits of psychoanalytic language -- Knowledge in failure : crisis of legitimacy and the emergence of institutionalised doctrine -- Part II: Less than knowledge : psychoanalysis and the economies of thought -- Reading Seminar XVII : from the desire to know to the fall of knowledge -- Concluding the time for comprehending : the epistemological reversal of the knowledge at risk -- The game beneath the game : logical aspects of the artifice, the dummy, and the hoax -- Epistemological regression and the problem of applied psychoanalysis -- Coda: Conceptualising the rigorous hole. |
| 511 ## - PARTICIPANT OR PERFORMER NOTE | |
| Participant or performer note | Catalogued by: Sara |
| 650 #0 - SUBJECT ADDED ENTRY--TOPICAL TERM | |
| Topical term or geographic name as entry element | Psychoanalysis and philosophy. |
| 700 1# - ADDED ENTRY--PERSONAL NAME | |
| Personal name | Quinn, Malcolm, |
| Dates associated with a name | 1963- |
| 856 41 - ELECTRONIC LOCATION AND ACCESS | |
| Materials specified | Table of contents only |
| Uniform Resource Identifier | <a href="http://www.loc.gov/catdir/toc/ecip057/2005002571.html">http://www.loc.gov/catdir/toc/ecip057/2005002571.html</a> |
| 856 41 - ELECTRONIC LOCATION AND ACCESS | |
| Materials specified | Publisher description |
| Uniform Resource Identifier | <a href="http://www.loc.gov/catdir/enhancements/fy0702/2005002571-d.html">http://www.loc.gov/catdir/enhancements/fy0702/2005002571-d.html</a> |
| 942 ## - ADDED ENTRY ELEMENTS (KOHA) | |
| Item type | Book - Borrowing |
| Call number prefix | 150.195NOB |
| Source of classification or shelving scheme | Dewey Decimal Classification |
| Withdrawn status | Item status | Source of classification or shelving scheme | Damaged status | Not for loan | Home library | Current library | Shelving location | Date acquired | Source of acquisition | Total Checkouts | Total Renewals | Full call number | Barcode | Date last seen | Date last borrowed | Koha item type |
|---|---|---|---|---|---|---|---|---|---|---|---|---|---|---|---|---|
| Dewey Decimal Classification | Central Library | Central Library | Lower Floor | 04/05/2008 | Purchase | 6 | 16 | 150.195NOB | 000011106 | 15/07/2025 | 14/11/2023 | Book - Borrowing |